LIBRARY & INFORMATION CENTRE, KCAET, TAVANUR

ONLINE PUBLIC ACCESS CATALOGUE (OPAC)

Literary criticism / (Record no. 12870)

MARC details
000 -LEADER
fixed length control field 00396cam a2200157ua 4500
041 ## - LANGUAGE CODE
Language code of text/sound track or separate title eng
082 ## - DEWEY DECIMAL CLASSIFICATION NUMBER
Classification number 828.09
Item number WIM/LI
100 ## - MAIN ENTRY--AUTHOR NAME
Personal name Wimsat, William K .
245 ## - TITLE STATEMENT
Title Literary criticism /
260 ## - PUBLICATION, DISTRIBUTION, ETC. (IMPRINT)
Place of publication Newyork :
Name of publisher Alfred A knope ,
Year of publication 1964.
300 ## - PHYSICAL DESCRIPTION
Number of Pages 800 ; .
700 1# - ADDED ENTRY--PERSONAL NAME
Personal name Brooks, Cleanth .
942 ## - ADDED ENTRY ELEMENTS (KOHA)
Koha item type Books
Holdings
Withdrawn status Lost status Damaged status Home library Current library Date acquired Cost, normal purchase price Full call number Accession Number Koha item type Public note
Withdrawn     KAUAET Sanskrit University 07/04/2012 60.00 828.09 6810 Books Transferred to Sanskrit University
free website counter